Κατάλογος Βιβλιοθηκών Mediterranean College

Σχολικός και Επαγγελματικός Προσανατολισμός Ατόμων με Αναπηρία: Εισαγωγή στην Ειδική Παιδαγωγική. (Record no. 5686)

MARC details
000 -LEADER
fixed length control field 02982cam a22001934a 4500
005 - ΗΜΕΡΟΜΗΝΙΑ ΚΑΙ ΩΡΑ ΤΕΛΕΥΤΑΙΑΣ ΕΝΗΜΕΡΩΣΗΣ
Πεδίο ελέγχου 20250605164219.0
008 - FIXED-LENGTH DATA ELEMENTS--GENERAL INFORMATION
Πεδίο ελέγχου σταθερού μήκους 250528s ||||||||||||||||||||||||d
035 ## - SYSTEM CONTROL NUMBER
System control number 20595
020 ## - ISBN
ISBN 9608028205
040 ## - ΠΗΓΗ ΚΑΤΑΛΟΓΟΓΡΑΦΗΣΗΣ
Φορέας πρωτότυπης καταλογογράφησης MC Athens Campus Library
Γλώσσα καταλογογράφησης Ελληνικά, Μοντέρνα (1453-)
Modifying agency MC Athens Campus Library
Κανόνες περιγραφικής καταλογογράφησης AACR2
245 1# - ΤΙΤΛΟΣ ΚΑΙ ΔΗΛΩΣΗ ΥΠΕΥΘΥΝΟΤΗΤΑΣ
Τίτλος Σχολικός και Επαγγελματικός Προσανατολισμός Ατόμων με Αναπηρία: Εισαγωγή στην Ειδική Παιδαγωγική.
Number of part/section of a work Τόμος Γ '/ Από την Θεωρία στην Πράξη - Προϋποθέσεις, Προβλήματα, Εφαρμογές Εκπαιδευτικής Ένταξης και Ενσωμάτωσης
260 ## - PUBLICATION, DISTRIBUTION, ETC.
Name of publisher, distributor, etc. Αποστολική Διακονία Της Εκκλησίας Της Ελλάδος,
Date of publication, distribution, etc. 2004
300 ## - PHYSICAL DESCRIPTION
Extent 352
520 ## - SUMMARY, ETC.
Summary, etc. Στο έργο αυτό περιγράφονται σύγχρονες θεωρητικές προσεγγίσεις και εφαρμοσμένες πρακτικές για τη σχολική, επαγγελματική, οικονομική και κοινωνική ένταξη και ενσωμάτωση των ατόμων με ειδικές ανάγκες ή, όπως έχει αρχίσει να καθιερώνεται, ατόμων με αναπηρία (Α.Μ.Α.). Πρόλογος, Εισαγωγή, Σ.Ε.Π. Α.Μ.Α. και Επαγγελματική Ένταξη: Έννοια και Σκοπός και Θεματική και Πολιτική και Προϋποθέσεις και Κράτουσα Κατάσταση, Ευρωπαϊκή Πολιτική για την Εκπαίδευση και τον Επαγγελματικό Προσανατολισμό και την Απασχόληση των Ατόμων με Ειδικές Ανάγκες, Αναγκαιότητα και Προϋποθέσεις και Δυνατότητες Επαγγελματικής Ενταξης, Έννοια και Μέσα Αξιολόγησης για την Εκπαιδευτική και Επαγγελματική Ένταξη, Πρακτικές Σ.Ε.Π. και Επαγγελματικής Ένταξης Ατόμων με Αναπηρία, Η Ανάγκη Γνώσης Πρακτικών Σ.Ε.Π. Ατόμων με Αναπηρία, Κέντρο Επαγγελματικής Ένταξης για Πρόσωπα με Σωματικές Αναπηρίες, Μια Μέθοδος Αξιολόγησης της Εργασιακής Ικανότητας, Φορείς Ασχολούμενοι με Άτομα με Αναπηρία, Αναιγκαιότητα και Οργάνωση της Πληροφορίας, Αναπηρικό Κίνημα: Συνδικαλιστικές Οργανώσεις, Ενδεικτική Βιβλιογραφία, Ευρετήριο Πινάκων και Γραφημάτων και Διαγραμμάτων.
700 1# - ΠΡΟΣΘΕΤΗ ΑΝΑΓΡΑΦΗ--ΦΥΣΙΚΟ ΠΡΟΣΩΠΟ
Personal name Δελλασούδας Λαυρέντιος Γ
9 (RLIN) 5943
942 ## - ADDED ENTRY ELEMENTS (KOHA)
Koha item type Books
Holdings
Τύπος τεκμηρίου Βιβλιοθήκη Τρέχουσα τοποθεσία Barcode Αριθμός εισαγωγής Ημερομηνία απόκτησης Ταξιθετικό σύμβολο Αριθμός αντιτύπου Κατάσταση απόσυρσης Κατάσταση χαμένου Κατάσταση κατεστραμμένου Μη δανεισμός Σύνολο δανεισμών Ημερομηνία τελευταίας εμφάνισης Η τιμή ισχύει από
Books MC Athens Campus Library MC Athens Campus Library 9780000056856 7103 05/06/2025 371.9 DEL V.C 1           05/06/2025 05/06/2025

MC Athens Campus Library
Πατησίων 94 & Κοδριγκτώνος 13, 104 34
Πελλήνης 8 & Πατησίων 107, 112 51
Τ: +30 210 8899600

MC Thessaloniki Campus Library
Ίωνος Δραγούμη 21, 54625 | Ίωνος Δραγούμη 15, 54625
Τ: +30 2310 287779 – Τ: +30 2314 440300